Formula E Race Winners - Statistics

General Stats
  • This quiz has been taken 40 times
    6 since last reset
  • The average score is 18 of 24
Answer Stats
Wins Nationality First Win Driver % Correct
12 🇵🇹 2014-15 António Félix da Costa
100%
1 🇬🇧 2024-25 Dan Ticktum
100%
6 🇨🇭 2018-19 Edoardo Mortara
100%
11 🇫🇷 2016-17 Jean-Éric Vergne
100%
13 🇧🇷 2014-15 Lucas di Grassi
100%
7 🇩🇪 2019-20 Maximilian Günther
100%
11 🇳🇿 2021-22 Nick Cassidy
100%
1 🇫🇷 2020-21 Norman Nato
100%
4 🇳🇱 2020-21 Nyck de Vries
100%
7 🇬🇧 2019-20 Oliver Rowland
100%
8 🇩🇪 2021-22 Pascal Wehrlein
100%
14 🇨🇭 2014-15 Sébastien Buemi
100%
4 🇧🇪 2019-20 Stoffel Vandoorne
100%
1 🇬🇧 2019-20 Alexander Sims
67%
7 🇬🇧 2020-21 Jake Dennis
67%
14 🇳🇿 2018-19 Mitch Evans
67%
2 🇧🇷 2014-15 Nelson Piquet Jr.
67%
1 🇬🇧 2020-21 Alex Lynn
33%
2 🇩🇪 2017-18 Daniel Abt
33%
3 🇸🇪 2016-17 Felix Rosenqvist
33%
3 🇧🇪 2014-15 Jérôme d'Ambrosio
33%
3 🇫🇷 2014-15 Nicolas Prost
33%
2 🇳🇱 2018-19 Robin Frijns
33%
12 🇬🇧 2014-15 Sam Bird
33%
No matching quizzes found
Score Distribution
Percent of People with Each Score
Percentile by Number Answered
Your Score History
You have not taken this quiz since the last reset